| 000 | 00973nam a2200205 i 4500 | ||
|---|---|---|---|
| 001 | 85519 | ||
| 003 | ES-MaACL | ||
| 005 | 20250522202343.0 | ||
| 007 | t| | ||
| 008 | 041128s1967 sp ||||1| spa d | ||
| 110 | 0 |
_aEspaña. _bDirección General de los Registros y del Notariado. _93751 |
|
| 245 | 1 | 0 |
_aJurisprudencia registral _b: colección de resoluciones de la Dirección General de los Registros y del Notariado referente a los Registros de la Propiedad y Mercantil, recopiladas, ordenadas y completadas con índices para facilitar su manejo (años 1862-1963). _nIX,Años 1951 a 1963. _nX, _pÍndices / _cR.Mª Roca Sastre y J. de Molina Juyol. |
| 260 |
_aBarcelona : _bBosch, _c1967. |
||
| 300 |
_a2 v. ; _c24 cm. |
||
| 650 | 4 |
_aRegistro de la propiedad- _zEspaña- _vJurisprudencia. _916763 |
|
| 700 | 1 |
_aRoca Sastre, Ramón María, _d1899-1979 _998011 |
|
| 700 | 1 |
_aMolina Juyol, J. de. _981944 |
|
| 852 |
_aES-MaACL _jP-370 _bR.63559 |
||
| 999 |
_c85519 _d85519 |
||